000 00661nam a2200181 i 4500
001 63181
003 ES-MaACL
005 20250529152008.0
007 t|
008 031202s1943 sp ||||1| spa d
100 1 _aFernández Sánchez, Francisco.
_950066
245 1 3 _aLa Villa de Espinoso del Rey
_b: notas para su historia /
_cFrancisco Fernández Sánchez ; con una presentación de Fernando Jiménez de Gregorio.
260 _aMadrid :
_b[Mediterráneo],
_c1943 (
_fImp. Madrid)
300 _a137 p., 9 lám. ;
_c19 cm.
700 1 _aJiménez de Gregorio, Fernando,
_d1911-2012
_966505
852 _aES-MaACL
_jD-5782
_bR.30921
999 _c63181
_d63181